Problémová komunikácia v práci manažéra

Komunikácia vo vnútri organizácie sa orientuje na zamestnancov a manažérov a prechádza všetkými manažérskymi činnosťami, či už ide o plánovanie, organizovanie, vedenie, kotrolu. Nedostatočná vnútorná komunikácia spôsobuje viac ako 60% problémov v organizácii. Do repertoára manažérskych činností pret...

Descrizione completa

Salvato in:
Dettagli Bibliografici
Autore principale: Olexová, Cecília, 1976-
Natura: Capitolo di libro
Lingua:slovacco
Soggetti:
Tags: Aggiungi Tag
Nessun Tag, puoi essere il primo ad aggiungerne!!

MARC

LEADER 00000naa a2200000 4500
001 0278365
005 20240502074327.2
041 0 |a slo 
044 |a SK 
245 1 0 |a Problémová komunikácia v práci manažéra  |c Cecília Olexová 
520 |a Komunikácia vo vnútri organizácie sa orientuje na zamestnancov a manažérov a prechádza všetkými manažérskymi činnosťami, či už ide o plánovanie, organizovanie, vedenie, kotrolu. Nedostatočná vnútorná komunikácia spôsobuje viac ako 60% problémov v organizácii. Do repertoára manažérskych činností preto patrí kritika, znižovanie nepriaznivých dôsledkov fám, komunikácia v čase krízy a oznamovanie informácií s negatívnym dosahom na zamestnancov. 
610 2 0 |a manažéri 
610 2 0 |a riadenie ľudských zdrojov 
610 2 0 |a zamestnanci 
610 2 0 |a komunikácia firemná 
100 1 |a Olexová, Cecília, 1976-